Detalles MARC
| 000 -LIDER |
| fixed length control field |
00890nam a2200289 4500 |
| 001 - NÚMERO DE CONTROL |
| Identificador de número de control |
0124 |
| 003 - IDENTIFICACDOR DE NÚMERO DE CONTROL |
| control field |
DO-SdBNP |
| 005 - DATE AND TIME OF LATEST TRANSACTION |
| control field |
20171113121024.0 |
| 007 - CAMPOS FIJOS DE DESCRIPCIÓN FÍSICA |
| fixed length control field |
0124 |
| 008 - ELEMENTOS DE LONGITUD FIJA |
| fixed length control field |
160919b 2001 xx ||||| |||| 00| 0 spa d |
| 020 ## - ISBN |
| International Standard Book Number |
1578512050 |
| 040 ## - FUENTE DE CATALOGACIÓN |
| Agencia que crea de manera original el registro |
BPMSU |
| Idioma de catalogación |
spa |
| Agencia que realiza la transcripción |
BPMSU |
| 082 #4 - NÚMERO DE CLASIFICACIÓN DECIMAL DE DEWEY |
| Classification number |
658.812 |
| Item number |
R351L |
| 100 ## - ASIENTO PRINCIPAL -- NOMBRE PERSONAL |
| Nombre personal |
Reichheld, Frederick F. |
| 245 ## - MENCIÓN DE TITULO |
| Título |
Loyalty rules : |
| Subtítulo |
how todays leaders build lasting relationships / |
| 260 ## - PUBLICACIÓN, DISTRIBUCIÓN, ETC. (PIE DE IMPRENTA) |
| Lugar de publicación, distribución, etc |
Estsdos Unidos : |
| Nombre del editor, distribuidor, etc. |
Harvard Business School Press |
| Fecha de publicación, distribución, etc |
2001 |
| 300 ## - DESCRIPCIÓN FÍSICA |
| Extensión |
213 p. ; |
| Otros detalles físicos |
23 cm. |
| 500 ## - NOTA GENERAL |
| Nota general |
Incluye índice |
| 500 ## - NOTA GENERAL |
| Nota general |
Incluye datos biográficos del autor p.: 213 |
| 650 #4 - ENCABEZAMIENTO DE MATERIA--TEMÁTICO |
| Término temático o nombre geográfico como elemento de entrada |
RELACIONES CON LOS CLIENTES |
| 650 #4 - ENCABEZAMIENTO DE MATERIA--TEMÁTICO |
| Término temático o nombre geográfico como elemento de entrada |
LEALTAD DEL EMPLEADO |
| 650 #4 - ENCABEZAMIENTO DE MATERIA--TEMÁTICO |
| Término temático o nombre geográfico como elemento de entrada |
LIDERAZGO |
| 910 ## - VALIDACIÓN |
| Validación |
Validado. Control de calidad MFF |
| 942 ## - ADDED ENTRY ELEMENTS (KOHA) |
| Source of classification or shelving scheme |
Dewey Decimal Classification |
| Koha item type |
Libros |
| 945 ## - INFORMACIÓN DE PROCESAMIENTO LOCAL |
| Información de procesamiento local |
Ivnentariado extranjero / 2017 VM |
| 956 ## - LOCAL ELECTRONIC LOCATION AND ACCESS (OCLC) |
| Método de acceso |
|
| Nombre de host |
VMATEO |
| Número de acceso |
10 |
| Información de compresión |
20160919 |
| Trayectoria |
BPMSU |
| Nombre Electrónico |
00069 |